[Event "Dyfed Major op 49th"]
[Site "Fishguard"]
[Date "2020.02.16"]
[Round "5"]
[White "Jones, Jonathan"]
[Black "Chadaway, Stephen M"]
[Result "0-1"]
[WhiteElo "1537"]
[BlackElo "1662"]
[PlyCount "85"]
[EventDate "2020.02.14"]
[EventType "swiss"]
[EventRounds "5"]
[EventCountry "WLS"]
[SourceTitle "EXT 2022"]
[Source "ChessBase"]
[SourceDate "2021.10.06"]
[SourceVersion "1"]
[SourceVersionDate "2021.10.06"]
[SourceQuality "1"]

1. d4 b5 2. Bf4 Bb7 3. e3 a6 4. Nf3 Nf6 5. Be2 e6 6. 0-0 d6 7. Nbd2 Be7 8. c3 Nbd7 9. Re1 0-0 10. Rc1 Nh5 11. Bg3 Nxg3 12. hxg3 Nf6 13. c4 c6 14. e4 Nd7 15. Nb3 d5 16. exd5 cxd5 17. c5 Bc6 18. Bd3 g6 19. Bb1 Bf6 20. Nbd2 Kg7 21. Nf1 Re8 22. Ne5 Nxe5 23. dxe5 Be7 24. f4 a5 25. g4 h6 26. f5 Bg5 27. f6+ Kh7 28. Rc2 d4 29. Rce2 Qd7 30. Bd3 b4 31. Ng3 Rec8 32. Ne4 Be3+ 33. Kh1 Rc7 34. Nd6 Bd5 35. Bb5 Bc6 36. Qa4 Bxb5 37. Qxb5 Qxb5 38. Nxb5 Rxc5 39. Nd6 Kg8 40. Rxe3 dxe3 41. Rxe3 Ra7 42. Rh3 Rd7 43. Rb3 0-1

[Event "Dyfed Major op 48th"]
[Site "Fishguard"]
[Date "2019.02.23"]
[Round "2"]
[White "Scott, Paul"]
[Black "Jones, Jonathan"]
[Result "1-0"]
[WhiteElo "1581"]
[BlackElo "1455"]
[PlyCount "57"]
[EventDate "2019.02.22"]
[EventType "swiss"]
[EventRounds "5"]
[EventCountry "WLS"]
[SourceTitle "EXT 2020"]
[Source "ChessBase"]
[SourceDate "2019.10.17"]
[SourceVersion "1"]
[SourceVersionDate "2019.10.17"]
[SourceQuality "1"]

1. e4 b6 2. d4 Bb7 3. Bd3 e6 4. Be3 Nf6 5. Nd2 Nc6 6. c3 Be7 7. f4 d6 8. h3 Qd7 9. Qe2 0-0 10. Ngf3 Ne8 11. 0-0 a5 12. a4 Qc8 13. Qf2 Nd8 14. Qg3 c5 15. e5 Nc7 16. Ne4 Bxe4 17. Bxe4 d5 18. Bd3 f5 19. exf6 Bxf6 20. Ne5 Bxe5 21. fxe5 Rf7 22. Rxf7 Nxf7 23. Qh4 g6 24. Rf1 Qd8 25. Qg4 Qe7 26. Rf6 Rf8 27. Bxg6 hxg6 28. Qxg6+ Kh8 29. Qh5+ 1-0

[Event "Tom Weston Major op"]
[Site "Cardiff"]
[Date "2018.03.31"]
[Round "4"]
[White "Jones, Jonathan"]
[Black "Morgans, Justin"]
[Result "0-1"]
[WhiteElo "1525"]
[BlackElo "1623"]
[PlyCount "58"]
[EventDate "2018.03.30"]
[EventType "swiss"]
[EventRounds "7"]
[EventCountry "WLS"]
[SourceTitle "EXT 2020"]
[Source "ChessBase"]
[SourceDate "2019.10.17"]
[SourceVersion "1"]
[SourceVersionDate "2019.10.17"]
[SourceQuality "1"]

1. Nf3 f5 2. b3 Nf6 3. Bb2 e6 4. d3 d5 5. Nbd2 Bd6 6. a3 0-0 7. g3 c5 8. c4 d4 9. Bg2 Nc6 10. 0-0 Qc7 11. Re1 Bd7 12. Nf1 f4 13. Bc1 fxg3 14. Nxg3 Ne5 15. e4 Nxf3+ 16. Bxf3 Bxg3 17. hxg3 e5 18. Kg2 Qc8 19. Rh1 Bg4 20. Bxg4 Qxg4 21. f3 Qg6 22. Ra2 Nh5 23. g4 Nf4+ 24. Kf1 Rf7 25. Rah2 h6 26. Bxf4 Rxf4 27. Rh5 Qxg4 28. R5h3 Raf8 29. R1h2 Rxf3+ 0-1

[Event "Tom Weston Major op"]
[Site "Cardiff"]
[Date "2018.03.30"]
[Round "3"]
[White "Evans, James"]
[Black "Jones, Jonathan"]
[Result "0-1"]
[WhiteElo "1542"]
[BlackElo "1525"]
[PlyCount "56"]
[EventDate "2018.03.30"]
[EventType "swiss"]
[EventRounds "7"]
[EventCountry "WLS"]
[SourceTitle "EXT 2020"]
[Source "ChessBase"]
[SourceDate "2019.10.17"]
[SourceVersion "1"]
[SourceVersionDate "2019.10.17"]
[SourceQuality "1"]

1. e4 e6 2. d4 d5 3. exd5 exd5 4. Bd3 Nc6 5. c3 Bd6 6. Nf3 Bd7 7. 0-0 Qf6 8. Bg5 Bxh2+ 9. Kxh2 Qd6+ 10. Kg1 f6 11. Re1+ Nge7 12. Bh4 Bg4 13. Nbd2 0-0-0 14. Qc2 g6 15. Bg3 Qd7 16. Re3 h5 17. Rae1 Bf5 18. Nh4 Rdg8 19. Bxf5 Nxf5 20. Nxf5 gxf5 21. Bf4 Rg4 22. Rf3 Qh7 23. Bh2 Ne7 24. Rg3 Rh4 25. Nf3 Re4 26. Rxe4 dxe4 27. Nh4 Qh6 28. Qb3 Qc1+ 0-1

[Event "Tom Weston Major op"]
[Site "Cardiff"]
[Date "2018.03.30"]
[Round "2"]
[White "Jones, Jonathan"]
[Black "Servini, Mike"]
[Result "0-1"]
[WhiteElo "1525"]
[BlackElo "1660"]
[PlyCount "64"]
[EventDate "2018.03.30"]
[EventType "swiss"]
[EventRounds "7"]
[EventCountry "WLS"]
[SourceTitle "EXT 2020"]
[Source "ChessBase"]
[SourceDate "2019.10.17"]
[SourceVersion "1"]
[SourceVersionDate "2019.10.17"]
[SourceQuality "1"]

1. Nf3 d5 2. b3 Nf6 3. Bb2 e6 4. d3 c5 5. g3 Nc6 6. Nbd2 Be7 7. Bg2 0-0 8. c4 d4 9. 0-0 Qc7 10. a3 e5 11. Ng5 h6 12. Nge4 Ne8 13. Bc1 f5 14. f3 fxe4 15. fxe4 Rxf1+ 16. Qxf1 Bg5 17. h4 Be3+ 18. Kh1 Qf7 19. Nf3 Bxc1 20. Rxc1 Nf6 21. Bh3 Ng4 22. Bxg4 Bxg4 23. Qg2 Bxf3 24. exf3 Rf8 25. Rf1 Qe6 26. Rb1 a5 27. Rg1 Ne7 28. h5 Qf7 29. Rf1 Qxh5+ 30. Kg1 Qg5 31. Qh3 Kh8 32. g4 Ng6 0-1

[Event "South Wales New Year Major"]
[Site "Bridgend"]
[Date "2018.01.07"]
[Round "4"]
[White "Rovaretti, David"]
[Black "Jones, Jonathan"]
[Result "1-0"]
[WhiteElo "1762"]
[BlackElo "1525"]
[PlyCount "105"]
[EventDate "2018.01.05"]
[EventType "swiss"]
[EventRounds "5"]
[EventCountry "WLS"]
[SourceTitle "EXT 2020"]
[Source "ChessBase"]
[SourceDate "2019.10.17"]
[SourceVersion "1"]
[SourceVersionDate "2019.10.17"]
[SourceQuality "1"]

1. e4 c5 2. Bd3 Nc6 3. c3 g6 4. Nf3 Bg7 5. Bc2 Nf6 6. 0-0 0-0 7. e5 Nh5 8. d4 cxd4 9. cxd4 d6 10. exd6 Qxd6 11. Be3 Nf4 12. Nc3 Nd5 13. Qd2 Nxe3 14. fxe3 Bh6 15. Ne4 Qb4 16. Qf2 Bf5 17. Nh4 e6 18. g4 Bxe4 19. Bxe4 Qe7 20. Bxc6 bxc6 21. Nf3 Rac8 22. h4 f6 23. Kg2 Qd6 24. Rfe1 g5 25. Rad1 Rc7 26. e4 Rg7 27. h5 Qf4 28. Qg3 Qxg3+ 29. Kxg3 Rgf7 30. Rc1 Rc8 31. Rc2 Bf8 32. a3 h6 33. b4 a6 34. e5 f5 35. Nh2 f4+ 36. Kf3 Rd7 37. Ke4 Rb8 38. Rxc6 a5 39. Rb1 axb4 40. axb4 Kf7 41. b5 Rdb7 42. b6 Ke7 43. Nf3 Kd7 44. d5 Be7 45. Rxe6 Rc8 46. Rxh6 Rg8 47. d6 Bd8 48. Rh7+ Kc8 49. Rxb7 Kxb7 50. Kd5 Bxb6 51. e6 Rc8 52. Rxb6+ Kxb6 53. e7 1-0